| 000 | 00395nam a22001217a 4500 | ||
|---|---|---|---|
| 999 |
_c130192 _d130192 |
||
| 008 | 200124b ||||| |||| 00| 0 eng d | ||
| 050 | _aBX3756.C71.D923 | ||
| 100 |
_a Dunne, Cathrine _949075 |
||
| 245 |
_aThe man called James Corboy: _bIrish Jesuit of Monze, Zambia _c/ by Cathrine Dunne |
||
| 260 |
_aDublin: _bMessenger Publications, _c2012 |
||
| 300 |
_a154p. _c23cm. |
||
| 942 |
_2lcc _cMONOGRAPH |
||